Statistics for FIFA 22 TOTW 10

Click here to take the quiz!

General Stats

  • This quiz has been taken 11 times
  • The average score is 7 of 24

Answer Stats

ClubPositionRatingAnswer% Correct
PSGRW94Lionel Messi
90%
ChelseaCM91N'golo Kante
90%
Real MadridCM89Toni Kroos
80%
Eintracht FrankfurtGK86Kevin Trapp
70%
Atletico MadridCB86Felipe
60%
JuventusCB86Leonardo Bonucci
60%
Aston VillaCB84Tyrone Mings
60%
RennesRB82Hamari Traore
30%
Borussia MonchengladbachLF84Lars Stindl
30%
Crystal PalaceST81Christian Benteke
20%
WatfordLM74Emmanuel Dennis
20%
Stade BrestRM81Romain Faivre
20%
AjaxCAM84Steven Berghuis
20%
OGC NiceLM82Amine Gouiri
10%
Union SGST77Deniz Undav
10%
AugsburgLB81Iago
10%
AtalantaLF82Mario Pasalic
10%
ToulouseST76Rhys Healey
10%
HamburgCM79Sonny Kittel
10%
Rosario CentralCAM81Emiliano Vecchio
0%
Philadelphia UnionCB77Jakob Glesnes
0%
Servette FCRW80Miroslav Stevanovic
0%
Portland TimbersCAM81Sebastian Blanco
0%
IF ElfsborgGK76Tim Ronning
0%

Score Distribution

Percentile by Number Answered

Percent of People with Each Score

Your Score History

You have not taken this quiz